[Event "FIDE World Senior Team Championship 2020"]
[Site "Olympik hotel, Sokolovska 138,"]
[Date "2020.03.11"]
[Round "6.17"]
[White "Ruotanen, Helge"]
[Black "Araya Umana, Carlos"]
[Result "1/2-1/2"]
[WhiteElo "1927"]
[BlackElo "1914"]
[PlyCount "69"]
[EventDate "2020.03.06"]
[WhiteTeam "FIN1"]
[BlackTeam "CRC"]

1. g3 f5 2. Bg2 Nf6 3. d3 e5 4. Nc3 Nc6 5. e4 fxe4 6. dxe4 Bc5 7. Nf3 d6 8. h3
O-O 9. Qe2 Qd7 10. Be3 Bxe3 11. Qxe3 a6 12. a4 Qf7 13. Ng5 Qg6 14. Bf1 Nd4 15.
O-O-O h6 16. Bc4+ Kh8 17. f4 hxg5 18. f5 Qh5 19. g4 Qh4 20. Nb1 b5 21. Ba2 Bb7
22. Nd2 bxa4 23. Kb1 g6 24. Rhg1 Kg7 25. c3 Nb3 26. Bxb3 axb3 27. Ka1 Rh8 28.
Nf3 Qxh3 29. Qxg5 Qh6 30. Qxh6+ Rxh6 31. g5 Rhh8 32. gxf6+ Kxf6 33. Rxg6+ Ke7
34. Rg7+ Kf6 35. Rg6+ 1/2-1/2

[Event "FIDE World Senior Team Championship 2020"]
[Site "Olympik hotel, Sokolovska 138,"]
[Date "2020.03.11"]
[Round "6.17"]
[White "Saenz Forero, Fernando"]
[Black "Rintakoski, Pentti"]
[Result "0-1"]
[WhiteElo "1524"]
[BlackElo "1735"]
[PlyCount "58"]
[EventDate "2020.03.06"]
[WhiteTeam "CRC"]
[BlackTeam "FIN1"]

1. Nf3 Nf6 2. c3 e6 3. d3 d5 4. Qc2 Nbd7 5. e4 dxe4 6. dxe4 Be7 7. Be2 b6 8.
Bg5 Bb7 9. Nbd2 h6 10. Bxf6 Nxf6 11. Rd1 O-O 12. O-O Qc8 13. Ne1 c5 14. b3 Qc7
15. f4 Rad8 16. Bf3 Qxf4 17. Rf2 Ng4 18. Bxg4 Qxg4 19. Nef3 Bxe4 20. Nxe4 Rxd1+
21. Qxd1 Qxe4 22. Rd2 Qe3+ 23. Kh1 Qxc3 24. Rd7 Bf6 25. Rxa7 Rd8 26. Qf1 Qc2
27. Ng1 Rd1 28. Qf3 Qb1 29. Qf2 Kh7 0-1

[Event "FIDE World Senior Team Championship 2020"]
[Site "Olympik hotel, Sokolovska 138,"]
[Date "2020.03.11"]
[Round "6.18"]
[White "James, David J"]
[Black "Johnsen, Oystein"]
[Result "1-0"]
[WhiteElo "2122"]
[BlackElo "1971"]
[PlyCount "49"]
[EventDate "2020.03.06"]
[WhiteTeam "WLS"]
[BlackTeam "NOR2"]

1. d4 f5 2. g3 Nf6 3. Bg2 e6 4. Nd2 Nc6 5. c3 d6 6. e4 e5 7. Ne2 g6 8. O-O Ne7
9. f4 exd4 10. Nxd4 c5 11. Nb5 a6 12. Nxd6+ Qxd6 13. e5 Qe6 14. exf6 Qxf6 15.
Nc4 Nc6 16. Ne5 Nd8 17. c4 Be7 18. Bd5 Rb8 19. Bd2 Qb6 20. Bc3 Rf8 21. Qa4+ Nc6
22. Rfe1 Bd7 23. Nxd7 Kxd7 24. Rad1 Bd6 25. Be5 1-0

[Event "FIDE World Senior Team Championship 2020"]
[Site "Olympik hotel, Sokolovska 138,"]
[Date "2020.03.11"]
[Round "6.18"]
[White "Taksrud, Vidar"]
[Black "Powell, Lloyd"]
[Result "0-1"]
[WhiteElo "1910"]
[BlackElo "2057"]
[PlyCount "62"]
[EventDate "2020.03.06"]
[WhiteTeam "NOR2"]
[BlackTeam "WLS"]

1. Nc3 c5 2. Nf3 Nc6 3. d4 cxd4 4. Nxd4 g6 5. e4 Bg7 6. Be3 Nf6 7. Be2 O-O 8.
Qd2 d5 9. exd5 Nxd5 10. Nxd5 Nxd4 11. Bc4 Nf5 12. O-O-O Be6 13. Bf4 Rc8 14. Qb4
a5 15. Qa4 Nd4 16. Ne3 Bxc4 17. Nxc4 b5 18. Qxa5 Rxc4 19. Qxd8 Rxd8 20. Rd2
Rdc8 21. c3 b4 22. Rhd1 bxc3 23. bxc3 Rxc3+ 24. Kb1 Ne6 25. Bg3 h5 26. a4 R8c4
27. Rb2 Ra3 28. Rd7 Bxb2 29. Kxb2 Raxa4 30. Rxe7 Rc8 31. Be5 Ra5 0-1

[Event "FIDE World Senior Team Championship 2020"]
[Site "Olympik hotel, Sokolovska 138,"]
[Date "2020.03.11"]
[Round "6.18"]
[White "Miles, Richard"]
[Black "Henrichsen, Erland"]
[Result "1/2-1/2"]
[WhiteElo "1981"]
[BlackElo "1901"]
[PlyCount "37"]
[EventDate "2020.03.06"]
[WhiteTeam "WLS"]
[BlackTeam "NOR2"]

1. d4 Nf6 2. Nf3 g6 3. c4 c5 4. Nc3 cxd4 5. Nxd4 Bg7 6. e4 Qa5 7. Nb3 Qc7 8.
Be2 d6 9. O-O Be6 10. Nd5 Qd8 11. f3 Nc6 12. Be3 O-O 13. Nd4 Bd7 14. Qd2 Re8
15. Rac1 Nxd5 16. cxd5 Nxd4 17. Bxd4 Bxd4+ 18. Qxd4 Qa5 19. a3 1/2-1/2

[Event "FIDE World Senior Team Championship 2020"]
[Site "Olympik hotel, Sokolovska 138,"]
[Date "2020.03.11"]
[Round "6.18"]
[White "Thjomoe, Hans Richard"]
[Black "Taylor, Robert Graham"]
[Result "1/2-1/2"]
[WhiteElo "1874"]
[BlackElo "1840"]
[PlyCount "34"]
[EventDate "2020.03.06"]
[WhiteTeam "NOR2"]
[BlackTeam "WLS"]

1. e4 c5 2. Nc3 Nc6 3. f4 g6 4. Nf3 Bg7 5. Bb5 d6 6. Bxc6+ bxc6 7. O-O Nf6 8.
d3 O-O 9. Qe1 Rb8 10. Qh4 e6 11. f5 exf5 12. Rb1 Ng4 13. Bg5 f6 14. Bd2 d5 15.
Qg3 Be6 16. exf5 Bxf5 17. Nh4 Bd7 1/2-1/2

[Event "FIDE World Senior Team Championship 2020"]
[Site "Olympik hotel, Sokolovska 138,"]
[Date "2020.03.11"]
[Round "6.19"]
[White "Patola, Eero"]
[Black "Lagerborg, Krister"]
[Result "0-1"]
[WhiteElo "1809"]
[BlackElo "2144"]
[PlyCount "72"]
[EventDate "2020.03.06"]
[WhiteTeam "FIN3"]
[BlackTeam "SWE5"]

1. e4 c5 2. c4 Nc6 3. Nc3 g6 4. g3 Bg7 5. Bg2 e5 6. d3 d6 7. Nge2 Nge7 8. O-O
O-O 9. h3 f5 10. Rb1 Be6 11. Nd5 h6 12. f4 fxe4 13. dxe4 Bxd5 14. cxd5 Nd4 15.
Nxd4 exd4 16. Kh2 c4 17. Bd2 b5 18. Be1 a5 19. Bf2 d3 20. Be3 Qc8 21. Qd2 Kh7
22. h4 Qa6 23. g4 b4 24. Rbd1 Rae8 25. f5 a4 26. g5 gxf5 27. gxh6 Be5+ 28. Bf4
Ng6 29. Bxe5 dxe5 30. Rxf5 Rxf5 31. exf5 Nf4 32. Be4 Qxh6 33. Qf2 Kh8 34. Rg1
c3 35. Rg5 c2 36. Qc5 Ne2 0-1

[Event "FIDE World Senior Team Championship 2020"]
[Site "Olympik hotel, Sokolovska 138,"]
[Date "2020.03.11"]
[Round "6.19"]
[White "Svensson, Soren"]
[Black "Walta, Paivi"]
[Result "1-0"]
[WhiteElo "1868"]
[BlackElo "1681"]
[PlyCount "77"]
[EventDate "2020.03.06"]
[WhiteTeam "SWE5"]
[BlackTeam "FIN3"]

1. d4 Nf6 2. c4 c5 3. d5 b5 4. cxb5 a6 5. f3 axb5 6. e4 Qa5+ 7. Bd2 Qb6 8. Nc3
b4 9. Na4 Qa7 10. Nxc5 Qxc5 11. Rc1 Qxc1 12. Qxc1 Na6 13. Bxa6 Bxa6 14. Bxb4
Rc8 15. Qd2 d6 16. Ne2 g6 17. Kf2 Bg7 18. Rc1 Rb8 19. Nd4 O-O 20. Rc7 Rfe8 21.
Nc6 Ra8 22. Nxe7+ Kh8 23. Bxd6 Red8 24. Bb4 Ne8 25. Rc2 Rd7 26. Nc6 Bb7 27. a3
Nf6 28. g4 h6 29. h4 Kh7 30. Qc1 Re8 31. Bc3 Ba6 32. Nb4 Bb5 33. g5 hxg5 34.
hxg5 Nh5 35. Bxg7 Nxg7 36. Rc5 Rb7 37. Rc7 Re7 38. d6 Rd7 39. Nd5 1-0

[Event "FIDE World Senior Team Championship 2020"]
[Site "Olympik hotel, Sokolovska 138,"]
[Date "2020.03.11"]
[Round "6.19"]
[White "Lindholm, Pertti"]
[Black "Olsson, Torgny"]
[Result "1-0"]
[WhiteElo "1618"]
[BlackElo "1800"]
[PlyCount "55"]
[EventDate "2020.03.06"]
[WhiteTeam "FIN3"]
[BlackTeam "SWE5"]

1. d4 Nf6 2. c4 c5 3. Nf3 e6 4. Bf4 b6 5. e3 Bb7 6. Be2 cxd4 7. exd4 g6 8. O-O
Bg7 9. Nc3 a6 10. Rc1 O-O 11. Qd2 d5 12. cxd5 exd5 13. Nd1 Ne4 14. Qd3 Nc6 15.
a3 Re8 16. Ne3 Rc8 17. Rc2 Qd7 18. Rcc1 Qe6 19. h3 Nd6 20. Ng5 Qf6 21. Nxd5
Qxd4 22. Bxd6 Qxd3 23. Bxd3 Rcd8 24. Ne4 Rxe4 25. Bxe4 Rxd6 26. Rxc6 Rd7 27.
Rc8+ Bf8 28. Nf6+ 1-0

[Event "FIDE World Senior Team Championship 2020"]
[Site "Olympik hotel, Sokolovska 138,"]
[Date "2020.03.11"]
[Round "6.19"]
[White "Andersson, Erik 1955"]
[Black "Ristoja, Aulikki"]
[Result "1-0"]
[WhiteElo "1607"]
[BlackElo "1564"]
[PlyCount "95"]
[EventDate "2020.03.06"]
[WhiteTeam "SWE5"]
[BlackTeam "FIN3"]

1. Nf3 Nf6 2. b3 g6 3. Bb2 Bg7 4. e3 d5 5. d4 O-O 6. Be2 Ne4 7. Nbd2 f5 8. Bd3
Nd7 9. O-O c5 10. c3 e5 11. Qc2 b6 12. Nxe5 Nxe5 13. dxe5 Bxe5 14. Rfd1 Qc7 15.
Nf3 Bg7 16. c4 Bb7 17. cxd5 Bxd5 18. Bxg7 Qxg7 19. Rac1 Rad8 20. Bc4 Bxc4 21.
Qxc4+ Kh8 22. h3 Rxd1+ 23. Rxd1 Qb2 24. Qe6 Qxf2+ 25. Kh1 Qxe3 26. Qe5+ Kg8 27.
Qe6+ Kg7 28. Qe7+ Rf7 29. Qe5+ Kh6 30. Kh2 Qc3 31. Qf4+ Kg7 32. Ng5 Nxg5 33.
Qxg5 Qf6 34. Qf4 Re7 35. Rd6 Qf7 36. Qd2 f4 37. Qc3+ Kh6 38. Rf6 Qg7 39. g4
fxg3+ 40. Kxg3 Re4 41. Qd2+ Kh5 42. Qd5+ g5 43. Qd1+ g4 44. Qd5+ Qg5 45. Qf7+
Qg6 46. Rf5+ Kh6 47. Qf8+ Qg7 48. Rf6+ 1-0

[Event "FIDE World Senior Team Championship 2020"]
[Site "Olympik hotel, Sokolovska 138,"]
[Date "2020.03.11"]
[Round "6.20"]
[White "Farrand, Julian T"]
[Black "Vanka, Miloslav"]
[Result "0-1"]
[WhiteElo "1942"]
[BlackElo "2125"]
[PlyCount "58"]
[EventDate "2020.03.06"]
[WhiteTeam "ENG2"]
[BlackTeam "CZE9"]

1. Nf3 Nf6 2. d3 d5 3. Nbd2 Nc6 4. e4 e5 5. c3 g6 6. g3 Bg7 7. Bg2 O-O 8. O-O
h6 9. b4 Re8 10. b5 Na5 11. Qa4 c6 12. bxc6 Nxc6 13. exd5 Nxd5 14. Bb2 Bf5 15.
Ne4 Rc8 16. Nh4 Bxe4 17. Qxe4 Nf6 18. Qe2 Qd6 19. Rad1 Rcd8 20. Qc2 Qe6 21. Qb3
Qxb3 22. axb3 Re6 23. Ba3 Bf8 24. Bxf8 Kxf8 25. Bxc6 Rxc6 26. c4 Rcd6 27. Nf3
e4 28. Ne5 exd3 29. Rd2 Ne4 0-1

[Event "FIDE World Senior Team Championship 2020"]
[Site "Olympik hotel, Sokolovska 138,"]
[Date "2020.03.11"]
[Round "6.20"]
[White "Sedlak, Ludek"]
[Black "Valentine, Brian J"]
[Result "1-0"]
[WhiteElo "1917"]
[BlackElo "1942"]
[PlyCount "39"]
[EventDate "2020.03.06"]
[WhiteTeam "CZE9"]
[BlackTeam "ENG2"]

1. e4 e5 2. Nf3 Nc6 3. Bb5 a6 4. Ba4 Nf6 5. O-O b5 6. Bb3 Bc5 7. c3 d6 8. d4
Bb6 9. dxe5 Nxe5 10. Nxe5 dxe5 11. Qxd8+ Kxd8 12. Nd2 Bb7 13. Nf3 Ke7 14. Nxe5
Nxe4 15. Nxf7 Rhf8 16. Bg5+ Nxg5 17. Nxg5 Rf5 18. Rae1+ Kd6 19. Nf7+ Kc5 20.
Be6 1-0

[Event "FIDE World Senior Team Championship 2020"]
[Site "Olympik hotel, Sokolovska 138,"]
[Date "2020.03.11"]
[Round "6.20"]
[White "Ingham, H William"]
[Black "Macoun, Jiri"]
[Result "1-0"]
[WhiteElo "1875"]
[BlackElo "1713"]
[PlyCount "75"]
[EventDate "2020.03.06"]
[WhiteTeam "ENG2"]
[BlackTeam "CZE9"]

1. d4 d5 2. Nf3 h6 3. e3 e6 4. Bd3 Nf6 5. O-O c5 6. b3 a6 7. Nbd2 Nc6 8. Bb2 b5
9. dxc5 Bxc5 10. e4 d4 11. e5 Nd7 12. Qe2 Qc7 13. Rfe1 Bb7 14. Ne4 Ncxe5 15.
Nxe5 Qxe5 16. Qg4 h5 17. Qd1 Nf6 18. Nxc5 Qxc5 19. Bxd4 Qg5 20. f3 Nd5 21. Be4
Nf4 22. g3 Bxe4 23. Rxe4 Nd5 24. c4 Ne7 25. Re5 Qg6 26. cxb5 axb5 27. Qe2 O-O
28. Rxb5 h4 29. Bf2 Rfc8 30. Rc5 Nd5 31. Rxc8+ Rxc8 32. Qe4 hxg3 33. hxg3 Qf6
34. Bd4 Qg5 35. Qe5 Qg6 36. Re1 Rc2 37. Re4 Qh6 38. Qb8+ 1-0

[Event "FIDE World Senior Team Championship 2020"]
[Site "Olympik hotel, Sokolovska 138,"]
[Date "2020.03.11"]
[Round "6.20"]
[White "Sedlackova, Janka"]
[Black "Goldrick, Thomas G"]
[Result "0-1"]
[WhiteElo "1504"]
[BlackElo "1850"]
[PlyCount "54"]
[EventDate "2020.03.06"]
[WhiteTeam "CZE9"]
[BlackTeam "ENG2"]

1. e4 c5 2. Nf3 e6 3. d4 cxd4 4. Nxd4 Nc6 5. g3 d5 6. Nxc6 bxc6 7. exd5 cxd5 8.
Bb5+ Bd7 9. Qe2 Nf6 10. O-O Be7 11. Bxd7+ Qxd7 12. Be3 O-O 13. Bd4 Qa4 14. c3
a5 15. b3 Qc6 16. Nd2 a4 17. b4 Rab8 18. a3 Rfe8 19. Nf3 Ne4 20. Rac1 Nd6 21.
Ne5 Qb5 22. Qf3 f6 23. Nd3 e5 24. Bc5 e4 25. Qf4 exd3 26. Bxd6 g5 27. Qd4 Bxd6
0-1

[Event "FIDE World Senior Team Championship 2020"]
[Site "Olympik hotel, Sokolovska 138,"]
[Date "2020.03.11"]
[Round "6.21"]
[White "Bartonicek, Zdenek"]
[Black "Lahti, Jouko"]
[Result "1/2-1/2"]
[WhiteElo "1949"]
[BlackElo "1953"]
[PlyCount "62"]
[EventDate "2020.03.06"]
[WhiteTeam "CZE8"]
[BlackTeam "FIN2"]

1. e4 c5 2. Nf3 e6 3. c3 d5 4. exd5 exd5 5. d4 Nc6 6. Be3 cxd4 7. Nxd4 Bd6 8.
g3 Nf6 9. Bg2 O-O 10. O-O Ng4 11. Bc1 Bc5 12. h3 Nf6 13. Be3 Qb6 14. Nxc6 bxc6
15. Bxc5 Qxc5 16. Nd2 a5 17. Nb3 Qb5 18. Rb1 Bf5 19. Nd4 Qd3 20. Nxf5 Qxf5 21.
Qa4 Qd7 22. Rbd1 Qb7 23. b3 Qb6 24. Rfe1 Rfe8 25. Bf3 Re6 26. Rxe6 fxe6 27. Bg4
Re8 28. Qd4 Qc7 29. Bf3 e5 30. Qe3 e4 31. Be2 Kh8 1/2-1/2

[Event "FIDE World Senior Team Championship 2020"]
[Site "Olympik hotel, Sokolovska 138,"]
[Date "2020.03.11"]
[Round "6.21"]
[White "Becvar, Miroslav"]
[Black "Alkkiomaki, Jyrki"]
[Result "1/2-1/2"]
[WhiteElo "1857"]
[BlackElo "1887"]
[PlyCount "81"]
[EventDate "2020.03.06"]
[WhiteTeam "CZE8"]
[BlackTeam "FIN2"]

1. e4 e5 2. Nf3 Nc6 3. Bb5 a6 4. Ba4 Nf6 5. O-O Be7 6. Re1 b5 7. Bb3 d6 8. c3
Bg4 9. d3 O-O 10. Bg5 Na5 11. Bc2 c5 12. Nbd2 Nc6 13. Nf1 Qd7 14. Ne3 Be6 15.
d4 cxd4 16. cxd4 exd4 17. Nxd4 Nxd4 18. Qxd4 Rac8 19. Rad1 Ng4 20. Bxe7 Qxe7
21. Bb1 Nxe3 22. Rxe3 Rc6 23. f4 Re8 24. Rg3 f6 25. Qd3 Bc4 26. Qf3 Rec8 27.
Qh5 Bf7 28. Qg4 Be6 29. Qe2 Bc4 30. Qd2 Bf7 31. Rd3 Bh5 32. Re1 Bg6 33. Rd4 Qc7
34. Kf2 Qb6 35. b3 Re8 36. Kf3 f5 37. Rd1 fxe4+ 38. Bxe4 Bxe4+ 39. Rxe4 Rxe4
40. Kxe4 Qc7 41. Qd5+ 1/2-1/2

[Event "FIDE World Senior Team Championship 2020"]
[Site "Olympik hotel, Sokolovska 138,"]
[Date "2020.03.11"]
[Round "6.21"]
[White "Kauko, Pekka"]
[Black "Kasik, Miroslav"]
[Result "1-0"]
[WhiteElo "1868"]
[BlackElo "1734"]
[PlyCount "61"]
[EventDate "2020.03.06"]
[WhiteTeam "FIN2"]
[BlackTeam "CZE8"]

1. c4 Nf6 2. g3 e5 3. Bg2 c6 4. Nc3 Be7 5. Nf3 d6 6. O-O O-O 7. d3 Nbd7 8. e4
c5 9. a3 b6 10. Nh4 Nb8 11. Nf5 Nc6 12. Rb1 Nd4 13. b4 Bb7 14. Ne3 Bc6 15. f4
cxb4 16. axb4 a5 17. b5 Bb7 18. Ba3 Qd7 19. Rb2 exf4 20. gxf4 Rab8 21. Qe1 Bc8
22. Qf2 Ne6 23. Ncd5 Nxd5 24. Nxd5 Nc5 25. Qg3 Bd8 26. f5 f6 27. Rc2 Bb7 28.
Rf4 Bc8 29. d4 Nb7 30. Bf3 Bc7 31. Rg2 1-0

[Event "FIDE World Senior Team Championship 2020"]
[Site "Olympik hotel, Sokolovska 138,"]
[Date "2020.03.11"]
[Round "6.22"]
[White "Jones, Iolo C"]
[Black "James, Kevin"]
[Result "1-0"]
[WhiteElo "2146"]
[BlackElo "1924"]
[PlyCount "79"]
[EventDate "2020.03.06"]
[WhiteTeam "WLS"]
[BlackTeam "IRL"]

1. d4 d5 2. Nf3 Nc6 3. Bf4 Nf6 4. e3 Bg4 5. Nbd2 e6 6. h3 Bh5 7. Bb5 Bd6 8.
Bxd6 cxd6 9. c3 O-O 10. Be2 Re8 11. O-O e5 12. Re1 Rc8 13. Nf1 Bxf3 14. Bxf3 e4
15. Be2 Ne7 16. Bb5 Rf8 17. Ng3 Ne8 18. Qb3 Nc7 19. Be2 a6 20. f3 Ng6 21. fxe4
dxe4 22. Bg4 Rb8 23. Nxe4 d5 24. Nd2 b5 25. Qc2 Rb6 26. Rf1 Nh4 27. Nf3 f5 28.
Nxh4 fxg4 29. Rxf8+ Qxf8 30. hxg4 Qd8 31. Nf3 Ne8 32. Ne5 Nf6 33. Qf5 Ne4 34.
Qf7+ Kh8 35. Rf1 Rf6 36. Rxf6 gxf6 37. Nc6 Qg8 38. Qxg8+ Kxg8 39. Ne7+ Kf7 40.
Nxd5 1-0

[Event "FIDE World Senior Team Championship 2020"]
[Site "Olympik hotel, Sokolovska 138,"]
[Date "2020.03.11"]
[Round "6.22"]
[White "Bevan, Peter M"]
[Black "Lynch, Peter J."]
[Result "1/2-1/2"]
[WhiteElo "1901"]
[BlackElo "1645"]
[PlyCount "56"]
[EventDate "2020.03.06"]
[WhiteTeam "WLS"]
[BlackTeam "IRL"]

1. d4 d5 2. Bf4 Bf5 3. c4 Nf6 4. Nc3 e6 5. c5 c6 6. e3 Be7 7. h3 h6 8. Nf3 Nbd7
9. Be2 b5 10. b4 a5 11. a3 Ne4 12. Qc1 O-O 13. O-O Bf6 14. Nxe4 Bxe4 15. Nd2
Bg6 16. Bd6 Re8 17. f4 Be7 18. Bxe7 Qxe7 19. Nb3 axb4 20. axb4 Nf6 21. Nd2 Ne4
22. Nxe4 Bxe4 23. Qc3 Qh4 24. Kh2 Qe7 25. Bd3 Bxd3 26. Qxd3 f5 27. Ra3 Ra7 28.
Rfa1 Rea8 1/2-1/2

[Event "FIDE World Senior Team Championship 2020"]
[Site "Olympik hotel, Sokolovska 138,"]
[Date "2020.03.11"]
[Round "6.23"]
[White "Juricek, Stanislav"]
[Black "Mozna, Eva"]
[Result "1/2-1/2"]
[WhiteElo "2037"]
[BlackElo "1907"]
[PlyCount "24"]
[EventDate "2020.03.06"]
[WhiteTeam "CZE10"]
[BlackTeam "CZEW"]

1. e4 c5 2. Nf3 Nc6 3. d3 d6 4. g3 Nf6 5. Bg2 g6 6. O-O Bg7 7. Re1 O-O 8. c3 e5
9. d4 h6 10. h3 Kh7 11. dxc5 dxc5 12. Qc2 Qe7 1/2-1/2

[Event "FIDE World Senior Team Championship 2020"]
[Site "Olympik hotel, Sokolovska 138,"]
[Date "2020.03.11"]
[Round "6.23"]
[White "Pribylova, Ruzena"]
[Black "Martinak, Cyril"]
[Result "1/2-1/2"]
[WhiteElo "1823"]
[BlackElo "1801"]
[PlyCount "91"]
[EventDate "2020.03.06"]
[WhiteTeam "CZEW"]
[BlackTeam "CZE10"]

1. e4 e5 2. Nf3 Nc6 3. d4 exd4 4. Nxd4 Bc5 5. Be3 Bb6 6. Be2 Qe7 7. Nc3 d6 8.
O-O Nf6 9. Nd5 Nxd5 10. exd5 Ne5 11. Bb5+ Bd7 12. Nf5 Qf6 13. Bxd7+ Nxd7 14.
Bxb6 Qxf5 15. Bxc7 O-O 16. Bxd6 Rfc8 17. c3 Nf6 18. Qd2 Nxd5 19. Rad1 Nf6 20.
Qf4 Qg6 21. Be5 Nh5 22. Qf3 Rc6 23. Bd4 Re8 24. Be3 Nf6 25. Rd4 Ne4 26. Rfd1 h6
27. Rd8 Rce6 28. Rxe8+ Rxe8 29. Qe2 a6 30. Qd3 Qe6 31. Qd5 Qe7 32. h3 Qc7 33.
Qd7 Qb8 34. Qg4 Nf6 35. Qd4 Kh7 36. Qc4 Kg8 37. Qd4 Kh7 38. Kf1 Qc8 39. Qd6 b5
40. Qd4 Qe6 41. b3 Rc8 42. Qd6 Qf5 43. Qd3 Ne4 44. f3 Rxc3 45. Qxe4 Qxe4 46.
fxe4 1/2-1/2

[Event "FIDE World Senior Team Championship 2020"]
[Site "Olympik hotel, Sokolovska 138,"]
[Date "2020.03.11"]
[Round "6.23"]
[White "Novak, Josef"]
[Black "Modrova, Hana"]
[Result "1/2-1/2"]
[WhiteElo "1831"]
[BlackElo "1810"]
[PlyCount "43"]
[EventDate "2020.03.06"]
[WhiteTeam "CZE10"]
[BlackTeam "CZEW"]

1. e4 d6 2. d4 Nf6 3. Nc3 c6 4. a4 a5 5. h3 Na6 6. Nf3 e6 7. Be3 Be7 8. g3 O-O
9. Bg2 Bd7 10. O-O Ne8 11. Nh2 f5 12. f4 fxe4 13. Nxe4 Nf6 14. Nxf6+ Rxf6 15.
Ng4 Rf7 16. c3 Nc7 17. c4 Ne8 18. Be4 Nf6 19. Nxf6+ Bxf6 20. Qc2 g6 21. Kg2 d5
22. Bd3 1/2-1/2

[Event "FIDE World Senior Team Championship 2020"]
[Site "Olympik hotel, Sokolovska 138,"]
[Date "2020.03.11"]
[Round "6.23"]
[White "Sunkova, Marie"]
[Black "Vlachopulos, Elefteris"]
[Result "1/2-1/2"]
[WhiteElo "1837"]
[BlackElo "1709"]
[PlyCount "20"]
[EventDate "2020.03.06"]
[WhiteTeam "CZEW"]
[BlackTeam "CZE10"]

1. d4 d5 2. c4 e6 3. Nc3 Nf6 4. Bg5 Be7 5. e3 h6 6. Bh4 Nbd7 7. Nf3 O-O 8. cxd5
exd5 9. Bd3 c6 10. O-O Re8 1/2-1/2

[Event "FIDE World Senior Team Championship 2020"]
[Site "Olympik hotel, Sokolovska 138,"]
[Date "2020.03.11"]
[Round "6.24"]
[White "Koudelka, Ivan"]
[Black "Koper, Stefan"]
[Result "1-0"]
[WhiteElo "1964"]
[BlackElo "1820"]
[PlyCount "103"]
[EventDate "2020.03.06"]
[WhiteTeam "CZE11"]
[BlackTeam "CZE12"]

1. e4 e6 2. d4 d5 3. e5 c5 4. c3 cxd4 5. cxd4 Nc6 6. g3 g6 7. Bh3 h5 8. Ne2 g5
9. O-O g4 10. Bg2 h4 11. Be3 Nh6 12. Na3 Nf5 13. Nc2 Bh6 14. Bxh6 Rxh6 15. Qd2
Rh7 16. Qf4 Rg7 17. Ne3 Nxe3 18. fxe3 h3 19. Bh1 Qg5 20. Qxg5 Rxg5 21. Rf2 Bd7
22. Raf1 Nd8 23. e4 dxe4 24. Bxe4 Bc6 25. Bxc6+ bxc6 26. Nc3 Rg7 27. Ne4 Nb7
28. Nf6+ Ke7 29. Rf4 Rd8 30. Rc1 Rc8 31. Nxg4 a5 32. Nf2 c5 33. Nxh3 Rgg8 34.
Rcf1 Rg7 35. Ng5 Nd8 36. h4 cxd4 37. Rxd4 Rc5 38. Rfd1 Rc8 39. Kg2 a4 40. Kh3
Ra8 41. R1d2 Rb8 42. Rc2 Rb5 43. Rc8 Rd5 44. Rxd5 exd5 45. e6 Rxg5 46. exf7
Kxf7 47. hxg5 Ne6 48. Kg4 Ke7 49. Ra8 Nc5 50. Ra5 Kd6 51. Rxc5 Kxc5 52. g6 1-0

[Event "FIDE World Senior Team Championship 2020"]
[Site "Olympik hotel, Sokolovska 138,"]
[Date "2020.03.11"]
[Round "6.24"]
[White "Konvalinka, Vladislav"]
[Black "Chybny, Zdenek"]
[Result "1/2-1/2"]
[WhiteElo "1722"]
[BlackElo "1776"]
[PlyCount "31"]
[EventDate "2020.03.06"]
[WhiteTeam "CZE12"]
[BlackTeam "CZE11"]

1. d4 d5 2. c4 e6 3. g3 Nf6 4. Bg2 Be7 5. Nf3 O-O 6. O-O c6 7. Qc2 b6 8. cxd5
cxd5 9. Bf4 Bb7 10. Nc3 Nc6 11. Rac1 Rc8 12. Qb1 Bd6 13. Bxd6 Qxd6 14. a3 Na5
15. Nd2 Ba6 16. Rfd1 1/2-1/2

[Event "FIDE World Senior Team Championship 2020"]
[Site "Olympik hotel, Sokolovska 138,"]
[Date "2020.03.11"]
[Round "6.24"]
[White "Nigrin, Jiri"]
[Black "Valtera, Jiri"]
[Result "1/2-1/2"]
[WhiteElo "1490"]
[BlackElo "1865"]
[PlyCount "34"]
[EventDate "2020.03.06"]
[WhiteTeam "CZE11"]
[BlackTeam "CZE12"]

1. c4 c5 2. Nc3 Nc6 3. Nf3 e5 4. e3 g6 5. d4 exd4 6. exd4 cxd4 7. Nxd4 Bg7 8.
Nxc6 dxc6 9. Qxd8+ Kxd8 10. Bd2 Nh6 11. O-O-O Ke7 12. f3 Be6 13. b3 Nf5 14. Ne4
Rad8 15. Bb4+ Ke8 16. Rxd8+ Kxd8 17. Ng5 Bd4 1/2-1/2

[Event "FIDE World Senior Team Championship 2020"]
[Site "Olympik hotel, Sokolovska 138,"]
[Date "2020.03.11"]
[Round "6.25"]
[White "Fleuch, Hans-Juergen"]
[Black "Niebuhr, Gerd"]
[Result "1/2-1/2"]
[WhiteElo "1948"]
[BlackElo "1927"]
[PlyCount "23"]
[EventDate "2020.03.06"]
[WhiteTeam "GER10"]
[BlackTeam "GER11"]

1. Nf3 Nf6 2. d4 g6 3. e3 Bg7 4. Bd3 d5 5. Nbd2 c5 6. c3 Nbd7 7. O-O O-O 8. b3
Qc7 9. Bb2 e5 10. dxe5 Nxe5 11. Nxe5 Qxe5 12. Nf3 1/2-1/2

[Event "FIDE World Senior Team Championship 2020"]
[Site "Olympik hotel, Sokolovska 138,"]
[Date "2020.03.11"]
[Round "6.25"]
[White "Juergens, Peter"]
[Black "Tichatschke, Wolfgang"]
[Result "1/2-1/2"]
[WhiteElo "1843"]
[BlackElo "1974"]
[PlyCount "31"]
[EventDate "2020.03.06"]
[WhiteTeam "GER11"]
[BlackTeam "GER10"]

1. d4 Nf6 2. Nf3 d5 3. Bf4 e6 4. e3 Be7 5. h3 O-O 6. Bd3 b6 7. O-O Nbd7 8. Nbd2
Bb7 9. Ne5 c5 10. c3 Ne4 11. Bh2 Nxe5 12. Bxe5 Bd6 13. Nf3 Bxe5 14. Nxe5 Qh4
15. Qg4 Qxg4 16. hxg4 1/2-1/2

[Event "FIDE World Senior Team Championship 2020"]
[Site "Olympik hotel, Sokolovska 138,"]
[Date "2020.03.11"]
[Round "6.25"]
[White "Strauss, Peter"]
[Black "Hellwege, Werner"]
[Result "1-0"]
[WhiteElo "1841"]
[BlackElo "1825"]
[PlyCount "83"]
[EventDate "2020.03.06"]
[WhiteTeam "GER10"]
[BlackTeam "GER11"]

1. d4 Nf6 2. c4 e6 3. Nc3 d5 4. Nf3 Nbd7 5. e3 Bb4 6. Qb3 Qe7 7. Bd2 O-O 8.
cxd5 Bxc3 9. Bxc3 Nxd5 10. Bd2 c5 11. Rc1 cxd4 12. e4 Nc5 13. Rxc5 Qxc5 14.
exd5 exd5 15. Be2 Re8 16. Qd3 Bg4 17. O-O Re4 18. Bd1 Rc8 19. Bb3 Qd6 20. Ng5
Bf5 21. Nxe4 dxe4 22. Qb5 Qg6 23. Rc1 Rf8 24. Rc5 e3 25. fxe3 Bd3 26. Bc4 Bxc4
27. Qxc4 dxe3 28. Bxe3 Qb1+ 29. Bc1 h6 30. a3 b6 31. Rc7 Kh7 32. Qc2+ Qxc2 33.
Rxc2 Rd8 34. Kf2 Rd7 35. Bf4 Rd4 36. Ke3 Rd7 37. Rc7 Rxc7 38. Bxc7 b5 39. Kd4
f5 40. Ke5 Kg6 41. Bd8 a6 42. b4 1-0